000 01096nam a2200289 a 4500
001 000113136
003 CHAP
005 20220329144340.0
008 170428s2016 mx a fsm |||||||spa d
010 _a109597
011 _a110569
040 _cCHAP
090 _aTesis
100 1 _aMedina Cortéz, José Eleazar
_9132067
245 1 0 _aControl químico de las principales malezas del altiplano para el cultivo de zarzamora (Rubus spp.) var. Cheyenne /
_h[En línea]
_cpor José Eleazar Medina Cortéz.
260 _aChapingo, Méx. :
_bEl autor,
_c2016.
500 _aPara ver el contenido del material haga clic en la liga
502 _aTesis (Ing. Agr. Esp. en Parasitología Agrícola) -- UACH. Departamento de Parasitotología A grícola
590 _aE8697GMM
_b05
_c20170428
_lUCH01
_h1001
590 _aE8697GMM
_b05
_c20170428
_lUCH01
_h1359
650 1 4 _aHerbicidas
_xAplicación.
_953692
650 1 4 _aZarzamora
_xMalas hierbas
_xControl.
_9123738
856 _aFinding aid
_uhttp://10.13.5.2/tesis/sist113136.pdf
_zTeclea aquí
901 _aBK
942 _cTESIS
942 _n0
999 _c109597
_d109597